000 00328 a2200109 4500
001 ART_39628
005 20260410161942.0
008 260409a
245 1 0 _aLos daños punitivos y las prestaciones de salud
100 1 _aFavier, Daniela
773 0 _tTemas de derecho laboral
_g- Nº 7 (jul. 2016)
_wREV27619
999 _c29587
_d29587